书目信息 |
| 题名: |
服装展示设计
|
|
| 作者: | 靳长缨 , 唐怡 编著 | |
| 分册: | ||
| 出版信息: | 北京 高等教育出版社 2000.05 |
|
| 页数: | 101页 | |
| 开本: | 26cm | |
| 丛书名: | ||
| 单 册: | ||
| 中图分类: | TS941.2 | |
| 科图分类: | ||
| 主题词: | 服装工业 | |
| 电子资源: | ||
| ISBN: | 7-04-007838-4 | |
| 000 | 00828nam0 2200241 45 | |
| 001 | 0304111588 | |
| 005 | 20030411154516.6 | |
| 010 | @a7-04-007838-4@d16.10元 | |
| 100 | @a20030411d2000 km y0chiy0120 ea | |
| 101 | 0 | @achi |
| 105 | @a z 000yy | |
| 200 | 1 | @a服装展示设计@AFu Zhuang Zhan Shi She Ji@e非成形服装设计与制作@EFei Cheng Xing Fu Zhuang She Ji Yu Zhi Zuo@f靳长缨,唐怡编著@FJin Chang Ying,Tang Yi Bian Zhu |
| 210 | @a北京@c高等教育出版社@d2000.05 | |
| 215 | @a101页@c图@d26cm | |
| 300 | @a教育部规划教材 | |
| 303 | @a高等职业技术院校服装设计与工艺专业 | |
| 517 | @a非成形服装设计与制作@AFei Cheng Xing Fu Zhuang SheJi Yu Zhi Zuo | |
| 606 | 0 | @a服装工业 |
| 690 | @aTS941.2@v3 | |
| 701 | 0 | @a靳长缨@4编著 |
| 701 | 0 | @a唐怡@4编著 |
| 801 | @aCN@bPftUser@c20030411 | |
| 905 | @aBZT@b346802-804@dTS941.2@e13@f3 | |
| 服装展示设计:非成形服装设计与制作/靳长缨,唐怡编著.-北京:高等教育出版社,2000.05 |
| 101页:图;26cm |
| 教育部规划教材 |
| ISBN 7-04-007838-4:16.10元 |
| ● |
| 相关链接 |
|
|
|
正题名:服装展示设计
索取号:TS941.2/13
 
预约/预借
| 序号 | 登录号 | 条形码 | 馆藏地/架位号 | 状态 | 备注 |
| 1 | 346802 | 201354417 | 样本书库/样005架B面2层3列/ [索取号:TS941.2/13] | 在馆 | |
| 2 | 346803 | 201354382 | 中心书库中库/ 中库025架B面1列7层16/ [索取号:TS941.2/13] | 在馆 | |
| 3 | 346804 | 201354391 | 中心书库中库/ 中库024架B面2列4层18/ [索取号:TS941.2/13] | 在馆 |